Basil blossoms and other short stories / (Record no. 92262)

MARC details
000 -LEADER
fixed length control field 00658nam a22002057a 4500
005 - DATE AND TIME OF LATEST TRANSACTION
control field 20150423144014.0
010 ## - LCCN (DPL NO)
LC control number ENG-112379
020 ## - INTERNATIONAL STANDARD BOOK NUMBER
International Standard Book Number 9788123772264
Terms of availability 200.00
020 ## - INTERNATIONAL STANDARD BOOK NUMBER
International Standard Book Number 8123772262
Terms of availability 200.00
035 ## - SYSTEM CONTROL NUMBER
System control number EN-95911
037 ## - SOURCE OF ACQUISITION
Source of stock number/acquisition DBAD/PUB
082 ## - DEWEY DECIMAL CLASSIFICATION NUMBER
Classification number S
100 ## - MAIN ENTRY--PERSONAL NAME
Personal name Shantaram
245 ## - TITLE STATEMENT
Title Basil blossoms and other short stories /
Statement of responsibility, etc by Shantaram ; translated from the original Marathi by several hands
260 ## - PUBLICATION, DISTRIBUTION, ETC. (IMPRINT)
Place of publication, distribution, etc New Delhi
Name of publisher, distributor, etc National Book Trust
Date of publication, distribution, etc 2014
270 ## - ADDRESS
Address Nehru Bhawan, 5 Institutional Area, Phase-II, Vasant Kunj,
City New Delhi
Postal code 110070
300 ## - PHYSICAL DESCRIPTION
Extent xi,264p.
Dimensions 22cm(pbk)
490 ## - SERIES STATEMENT
Series statement Aadan pradan
942 ## - ADDED ENTRY ELEMENTS (KOHA)
Source of classification or shelving scheme Dewey Decimal Classification
Item type English Books
Call number suffix SHA
Classification part S
Holdings
Withdrawn status Lost status Not for loan Collection code Home library Current library Date acquired Source of acquisition Cost, normal purchase price Full call number Barcode Copy number Cost, replacement price Koha item type
    Not For Loan Fiction D.B.Act.Division D.B.Act.Division 13/03/2015 DBAD/PUB 200.00 S SHA EN-95911 1 200.00 English Books

© Delhi Public Library
Hit Counter
free hit counter